|
|
|
|
| LEADER |
01521nam a2200445 a 4500 |
| 001 |
EBC422847 |
| 003 |
MiAaPQ |
| 005 |
20200520144314.0 |
| 006 |
m o d | |
| 007 |
cr cn||||||||| |
| 008 |
050303s2005 enka fsb 001 0 eng d |
| 010 |
|
|
|z 2005472609
|
| 015 |
|
|
|a GBA525080
|2 bnb
|
| 016 |
7 |
|
|z 013146999
|2 Uk
|
| 020 |
|
|
|z 0199286078 (hbk.)
|
| 020 |
|
|
|z 0199286086 (pbk.)
|
| 024 |
3 |
|
|a 9780199286089
|
| 024 |
3 |
|
|a 9780199286072
|
| 035 |
|
|
|a (MiAaPQ)EBC422847
|
| 035 |
|
|
|a (Au-PeEL)EBL422847
|
| 035 |
|
|
|a (CaPaEBR)ebr10233655
|
| 035 |
|
|
|a (CaONFJC)MIL75802
|
| 035 |
|
|
|a (OCoLC)476260001
|
| 040 |
|
|
|a MiAaPQ
|c MiAaPQ
|d MiAaPQ
|
| 050 |
|
4 |
|a HD31
|b .C74 2005
|
| 082 |
0 |
4 |
|a 658
|2 22
|
| 245 |
0 |
0 |
|a Critical management studies
|h [electronic resource] :
|b a reader /
|c edited by Chris Grey and Hugh Willmott.
|
| 260 |
|
|
|a Oxford :
|b Oxford University Press,
|c 2005.
|
| 300 |
|
|
|a 9, 437 p. :
|b ill.
|
| 490 |
1 |
|
|a Oxford management readers
|
| 504 |
|
|
|a Includes bibliographical references and index.
|
| 533 |
|
|
|a Electronic reproduction. Ann Arbor, MI : ProQuest, 2015. Available via World Wide Web. Access may be limited to ProQuest affiliated libraries.
|
| 650 |
|
0 |
|a Management.
|
| 650 |
|
0 |
|a Critical theory.
|
| 655 |
|
4 |
|a Electronic books.
|
| 700 |
1 |
|
|a Grey, Christopher,
|d 1964-
|
| 700 |
1 |
|
|a Willmott, Hugh.
|
| 710 |
2 |
|
|a ProQuest (Firm)
|
| 830 |
|
0 |
|a Oxford management readers.
|
| 856 |
4 |
0 |
|u https://ebookcentral.proquest.com/lib/matrademy/detail.action?docID=422847
|z Click to View
|